000 00512nam a22001817a 4500
005 20251108172352.0
008 250721s1994 xx 000 0 ara d
082 1 4 _a301.42/فاع
100 1 _aالفاعوري، خليل
245 1 0 _aالأسرة و الطفولة /
264 1 _aعمان :
_c1994.
300 _a142ص
500 _aصدر الكتاب بمناسبة العام الدولي للأسرة
650 1 7 _aالأسرة
650 1 7 _aالأطفال
942 _2ddc
_cBK
999 _c77469
_d77469